<?xml version="1.0" encoding="UTF-8"?>
<record
    xmlns:xsi="http://www.w3.org/2001/XMLSchema-instance"
    xsi:schemaLocation="http://www.loc.gov/MARC21/slim http://www.loc.gov/standards/marcxml/schema/MARC21slim.xsd"
    xmlns="http://www.loc.gov/MARC21/slim">

  <leader>00388nam a2200133   4500</leader>
  <controlfield tag="008">708 B246f</controlfield>
  <datafield tag="020" ind1=" " ind2=" ">
    <subfield code="a">9728311044</subfield>
  </datafield>
  <datafield tag="082" ind1=" " ind2=" ">
    <subfield code="a">708</subfield>
    <subfield code="b">B246f</subfield>
  </datafield>
  <datafield tag="100" ind1=" " ind2=" ">
    <subfield code="a">Bo Bardi, Lina</subfield>
    <subfield code="9">6160</subfield>
  </datafield>
  <datafield tag="245" ind1=" " ind2=" ">
    <subfield code="a">SESC - F&#xE1;brica Da Pomp&#xE9;pia</subfield>
  </datafield>
  <datafield tag="260" ind1=" " ind2=" ">
    <subfield code="a">Lisboa</subfield>
    <subfield code="b">Editorial Blau</subfield>
    <subfield code="c">1996</subfield>
  </datafield>
  <datafield tag="300" ind1=" " ind2=" ">
    <subfield code="a">16 p.</subfield>
    <subfield code="b">Ill (Col)</subfield>
    <subfield code="c">16.5 x 24 cm</subfield>
  </datafield>
  <datafield tag="650" ind1=" " ind2=" ">
    <subfield code="x">Arte Contempor&#xE1;neo</subfield>
    <subfield code="x">Exhibici&#xF3;n</subfield>
    <subfield code="x">Arquitectura</subfield>
    <subfield code="x">Bardi, Lina Do</subfield>
    <subfield code="9">6161</subfield>
  </datafield>
  <datafield tag="999" ind1=" " ind2=" ">
    <subfield code="c">1394</subfield>
    <subfield code="d">1394</subfield>
  </datafield>
  <datafield tag="952" ind1=" " ind2=" ">
    <subfield code="0">0</subfield>
    <subfield code="1">0</subfield>
    <subfield code="2">ddc</subfield>
    <subfield code="4">0</subfield>
    <subfield code="7">0</subfield>
    <subfield code="a">LV</subfield>
    <subfield code="b">LV</subfield>
    <subfield code="c">Monograf&#xED;as</subfield>
    <subfield code="d">2018-02-22</subfield>
    <subfield code="l">0</subfield>
    <subfield code="o">708 B246f</subfield>
    <subfield code="p">004560</subfield>
    <subfield code="r">2018-02-22 00:00:00</subfield>
    <subfield code="w">2018-02-22</subfield>
    <subfield code="y">01</subfield>
  </datafield>
</record>
